000 00301nam a2200109Ia 4500
008 200302s9999 xx 000 0 und d
100 _aErnest Burden
245 _aVisual Presentation A Practical Manual for Architects and Engineers
260 _bThames and Hudson Ltd.
260 _c1977
300 _a87 P.,
999 _c118
_d118